000
00360nam a2200145Ia 4500
008
090124s9999 xx 000 0 und d
082
_b
304009
245
_a
अरुंधती
250
_a
1
260
_b
केळकर राजा
_c
1999
300
_a
151
630
_a
अरुंधती
730
_a
अरुंधती
942
_c
BOOK
999
_c
193646
_d
193646